Ponencias presentadas por la Facultad de Ciencias Sociales de la Universidad Nacional
Guardado en:
| Formato: | Desconocido |
|---|---|
| Publicado: |
Heredia:
UNA. FCS
|
| Etiquetas: |
Agregar Etiqueta
Sin Etiquetas, Sea el primero en etiquetar este registro!
|
MARC
| LEADER | 00000 a2200000 04500 | ||
|---|---|---|---|
| 001 | 5562 | ||
| 003 | |||
| 008 | 991231s d | ||
| 040 | |||
| 090 | |a 122906 | ||
| 245 | |a Ponencias presentadas por la Facultad de Ciencias Sociales de la Universidad Nacional | ||
| 260 | |a Heredia: |b UNA. FCS | ||
| 300 | |a p. irreg | ||
| 999 | |c 6614 |d 6614 | ||
